Guess the random Taylor Swift Song Lyrics 114 - Statistics

General Stats
  • This quiz has been taken 10 times
  • The average score is 327 of 500
Answer Stats
Answer % Correct
a
100%
all
88%
an
88%
and
88%
And
88%
could
88%
do
88%
Do
88%
for
88%
Ha
88%
ha
88%
hear
88%
her
88%
him
88%
I
88%
I'm
88%
in
88%
it
88%
like
88%
on
88%
On
88%
She
88%
she
88%
the
88%
The
88%
there
88%
There
88%
they
88%
to
88%
when
88%
who
88%
you
88%
You
88%
at
75%
but
75%
But
75%
did
75%
did)
75%
don't
75%
from
75%
go
75%
had
75%
is
75%
it's
75%
just
75%
know
75%
me
75%
no
75%
so
75%
So
75%
that
75%
wanted
75%
was
75%
what
75%
where
75%
your
75%
you're
75%
actress
63%
better
63%
does
63%
friends
63%
get
63%
got
63%
how
63%
known
63%
make
63%
mattress
63%
never
63%
not
63%
of
63%
Oh
63%
oh
63%
over
63%
revenge
63%
saint
63%
say
63%
She's
63%
she's
63%
should
63%
than
63%
think
63%
(Think
63%
took
63%
up
63%
whoa
63%
Whoa
63%
with
63%
would
63%
about
50%
applause
50%
'Cause
50%
'cause
50%
corner
50%
didn't
50%
down
50%
faster
50%
gonna
50%
have
50%
I'll
50%
keep
50%
last
50%
life
50%
looks
50%
many
50%
nothing
50%
Now
50%
other
50%
right
50%
sabotage
50%
saw
50%
thing
50%
things
50%
time
50%
wanna
50%
wear
50%
Won't
50%
alone
38%
along
38%
always
38%
came
38%
coming
38%
drum
38%
ever
38%
feel
38%
find
38%
hot
38%
list
38%
little
38%
might
38%
mind
38%
much
38%
or
38%
Or
38%
party
38%
people
38%
people's
38%
playground
38%
Soon
38%
stand
38%
stealing
38%
Stealing
38%
summer
38%
toys
38%
trend
38%
underestimated
38%
amount
25%
another
25%
are
25%
beating
25%
dealing
25%
dignity
25%
dresses
25%
eyes
25%
gives
25%
haven't
25%
heard
25%
honey
25%
isn't
25%
let's
25%
Let's
25%
name
25%
psycho
25%
rhyme
25%
roll
25%
See
25%
some
25%
starts
25%
still
25%
story
25%
thinks
25%
vintage
25%
word
25%
deserve
13%
doing
13%
frown
13%
pain
13%
prep
13%
school
13%
Sophistication
13%
suspected
13%
teach
13%
troubling
13%
C'mon
0%
nor
0%
present
0%
pushing
0%
show
0%
No matching quizzes found
Score Distribution
Percent of People with Each Score
Percentile by Number Answered
Your Score History
You have not taken this quiz